| Tag |
First Indicator |
Second Indicator |
Subfields |
| LEADER |
00000pam a2200000 a 4500 |
| 001 |
in00000083308 |
| 005 |
20151222091523.0 |
| 008 |
810831s1982 nyua b 00110 eng |
| 010 |
|
|
|a 81014302
|
| 020 |
|
|
|a 0070211086 :
|c $18.95 (est.)
|
| 035 |
|
|
|a (OCoLC)07795645
|
| 035 |
|
|
|9 AAJ7579AM
|
| 039 |
0 |
|
|a 2
|b 3
|c 3
|d 3
|e 3
|
| 040 |
|
|
|a DLC
|c DLC
|d TXA
|d UtOrBLW
|
| 049 |
|
|
|a TXAM
|c [1362305]
|
| 050 |
0 |
0 |
|a LB1576
|b .F44 1982
|
| 082 |
0 |
|
|a 372.6
|2 19
|
| 100 |
1 |
|
|a Fisher, Carol J.
|
| 245 |
1 |
0 |
|a Children's language and the language arts /
|c Carol J. Fisher, C. Ann Terry.
|
| 250 |
|
|
|a 2nd ed.
|
| 264 |
|
1 |
|a New York :
|b McGraw-Hill,
|c [1982]
|
| 264 |
|
4 |
|c ©1982
|
| 300 |
|
|
|a xv, 361 pages :
|b illustrations ;
|c 25 cm.
|
| 336 |
|
|
|a text
|b txt
|2 rdacontent
|
| 337 |
|
|
|a unmediated
|b n
|2 rdamedia
|
| 338 |
|
|
|a volume
|b nc
|2 rdacarrier
|
| 504 |
|
|
|a Includes bibliographical references and index.
|
| 650 |
|
0 |
|a Language arts (Elementary)
|
| 650 |
|
0 |
|a Children
|x Language.
|
| 700 |
1 |
|
|a Terry, C. Ann,
|d 1940-
|
| 999 |
|
|
|a MARS
|
| 999 |
f |
f |
|s 006ea02e-cbe9-3bed-9c0f-e3a31af0e32f
|i 273d857d-bb20-3546-85d6-95be801ed293
|t 0
|
| 952 |
f |
f |
|p normal
|a Texas A&M University
|b College Station
|c Sterling C. Evans Library
|d Evans: Library Stacks
|t 0
|e LB1576 .F44 1982
|h Library of Congress classification
|i unmediated -- volume
|m A14806160766
|
| 998 |
f |
f |
|a LB1576 .F44 1982
|t 0
|l Evans: Library Stacks
|